A first course in differential equations with modeling applications / (Record no. 119686)
[ view plain ]
| 000 -LEADER | |
|---|---|
| fixed length control field | 01071 a2200217 4500 |
| 003 - CONTROL NUMBER IDENTIFIER | |
| control field | NUST |
| 005 - DATE AND TIME OF LATEST TRANSACTION | |
| control field | 20170116220544.0 |
| 010 ## - LIBRARY OF CONGRESS CONTROL NUMBER | |
| LC control number | 96002424 |
| 020 ## - INTERNATIONAL STANDARD BOOK NUMBER | |
| International Standard Book Number | 0534955746 (hardcover) |
| 040 ## - CATALOGING SOURCE | |
| Transcribing agency | NUST |
| 082 00 - DEWEY DECIMAL CLASSIFICATION NUMBER | |
| Classification number | 515.353 |
| 100 1# - MAIN ENTRY--PERSONAL NAME | |
| Personal name | Zill, Dennis G., |
| 245 12 - TITLE STATEMENT | |
| Title | A first course in differential equations with modeling applications / |
| Statement of responsibility, etc. | Dennis G. Zill. |
| 250 ## - EDITION STATEMENT | |
| Edition statement | 10th ed. |
| 260 ## - PUBLICATION, DISTRIBUTION, ETC. | |
| Place of publication, distribution, etc. | Pacific Grove, CA : |
| Name of publisher, distributor, etc. | Brooks/Cole, |
| Date of publication, distribution, etc. | c2013. |
| 300 ## - PHYSICAL DESCRIPTION | |
| Extent | xi, 387, [51] p. : |
| Other physical details | ill. ; |
| Dimensions | 26 cm. |
| 500 ## - GENERAL NOTE | |
| General note | Introduction to Differential Equations Page 1, First-Order Differential Equations Page 30, Modeling with First-Order Differential Equations Page 60, Differential Equations of Higher Order Page 93, Modeling with Higher-Order Differential Equations Page 169, Series Solutions of Linear Equations Page 213, Laplace Transform Page 258, Systems of Linear First-Order Differential Equations Page 31, Numerical Methods for Ordinary Differential Equations Page 353 |
| 538 ## - SYSTEM DETAILS NOTE | |
| System details note | Almirah No.44 Shelf No.5 |
| 650 #0 - SUBJECT ADDED ENTRY--TOPICAL TERM | |
| Topical term or geographic name entry element | Differential equations. |
| 700 1# - ADDED ENTRY--PERSONAL NAME | |
| Personal name | Zill, Dennis G., |
| Dates associated with a name | 1940- |
| 942 ## - ADDED ENTRY ELEMENTS (KOHA) | |
| Koha item type | Reference |
| Withdrawn status | Lost status | Source of classification or shelving scheme | Damaged status | Not for loan | Permanent Location | Current Location | Date acquired | Total Checkouts | Full call number | Barcode | Date last seen | Price effective from | Koha item type |
|---|---|---|---|---|---|---|---|---|---|---|---|---|---|
| School of Civil and Environmental Engineering (SCEE) | School of Civil and Environmental Engineering (SCEE) | 09/18/2020 | 515.35 ZIL | NIT-13291 | 09/18/2020 | 09/18/2020 | Reference |
